00700nam a22002057a 450000500170000001000150001702000260003203500140005803700130007208200090008510000310009424500790012525000060020426000410021027000520025130000210030394200230032499900190034795201280036620231201120340.0 aENG-138514 a9788170264958c495.00 aEN-122046 bDBAD/PUB aS21 aAithal, Saligrama K959304 aHome and the World:bA Collection of Short Stories/cBy Saligrama K Aithal a1 aNew DelhibHeritage Publishersc2022 bNew Delhia19-A Ansari Road, Darya Ganje110002 a118p.c22cm(hbk) 2ddccENhSmAITe1 c199366d199366 001040708NFICaVPbVPd2023-12-01eDBAD/PUBg495.00l0oS AITpEN-122046r2023-12-01 00:00:00t1v495.00w2023-12-01yEN